Bartimouse : (Record no. 111137)
[ view plain ]
| 000 -LEADER | |
|---|---|
| fixed length control field | 00272nam a2200109 a 4500 |
| 005 - DATE AND TIME OF LATEST TRANSACTION | |
| control field | 20140414131909.0 |
| 008 - FIXED-LENGTH DATA ELEMENTS--GENERAL INFORMATION | |
| fixed length control field | 101011s19uu xx 00 eng d |
| 050 ## - LIBRARY OF CONGRESS CALL NUMBER | |
| Classification number | ER |
| Item number | B23 199? |
| 100 ## - MAIN ENTRY--PERSONAL NAME | |
| Personal name | Goodings, Christina |
| 245 ## - TITLE STATEMENT | |
| Title | Bartimouse : |
| Remainder of title | Aboard the ark. |
| Withdrawn status | Lost status | Damaged status | Home library | Current library | Shelving location | Date acquired | Source of acquisition | Total Checkouts | Full call number | Barcode | Date last seen | Price effective from | Koha item type |
|---|---|---|---|---|---|---|---|---|---|---|---|---|---|
| Munich Library | Munich Library | Easy Reading Section | 10/11/2010 | ER B23 199? | M1713 | 04/14/2014 | 04/14/2014 | Books |